000 00510nam a2200181Ia 4500
005 20250508162019.0
008 008 250505s9999 xx 000 0 eng d
037 _aTextual
040 _aFEDL
_beng
_cFEDL
041 _aeng
_2eng
084 _a371.39, SMI
_qFEDL
100 _aSmith Judith M
_9772050
245 0 _aTechnology of reading and writing Vol.
260 _aNew York, USA
_bAcademic Press
_c1978
300 _ax,212p.
942 _cTEXL
_h371.39, SMI
999 _c1373830
_d1373830